000 00846nam a2200229Ii 4500
003 JO-AjNU
008 230605s9999||||xx |||||||||||||| ||und||
017 _a2005/1978
020 _a977-327-541-8
040 _aJO-AjNU
_bara
_erda
_cJO-AjNU
041 _aara
050 1 4 _aBP40.2005
100 3 _aحربي،خالد احمد حسنين,
_eauthor
_911110
245 0 0 _aالتراث المخطوط :رؤية في التبصير والفهم مستقلة عن النمط الاستشراقي: المنطق، ج2
250 _aط1
264 3 1 _aالاسكندرية:دار الوفاء لدنيا الطباعة والنشر ،2005
300 _aج2، 192ص
336 _atext
_btxt
_2rdacontent
337 _aunmediated
_bn
_2rdamedia
338 _avolume
_bnc
_2rdacarrier
650 4 _aالمخطوطات-التراث الاسلامي
_911111
999 _aA2154
_c5722
_d5722